000
003190000a22001450004500
003
MACL
040
_a
MACL
090
_c
31747
_d
31745
100
_a
Jain, Satish
245
_a
Turbo Pascal Companion
260
_b
BPB Publications
_c
1994
350
_a
54
650
_a
Computer Programming
942
_c
BOOK
_k
005.133/JAI
999
_c
31427
_d
31427